<?xml version="1.0" encoding="UTF-8"?>
<collection xmlns:xsi="http://www.w3.org/2001/XMLSchema-instance" xsi:schemaLocation="http://www.loc.gov/MARC21/slim http://www.loc.gov/standards/marcxml/schema/MARC21slim.xsd" xmlns="http://www.loc.gov/MARC21/slim">
 <record>
  <leader>00000cam a22000004i 4500</leader>
  <controlfield tag="001">UP-8027390931312502960</controlfield>
  <controlfield tag="003">Buklod</controlfield>
  <controlfield tag="005">20190301162605.0</controlfield>
  <controlfield tag="006">o--- |     ||   ||</controlfield>
  <controlfield tag="007">ta</controlfield>
  <controlfield tag="008">161018t20152015xx abf  rb   |000 0|eng d</controlfield>
  <datafield tag="020" ind1=" " ind2=" ">
   <subfield code="a">9784916055477</subfield>
  </datafield>
  <datafield tag="020" ind1=" " ind2=" ">
   <subfield code="a">4916055470</subfield>
  </datafield>
  <datafield tag="035" ind1=" " ind2=" ">
   <subfield code="a">(iLib)UPCEB-00011390979</subfield>
  </datafield>
  <datafield tag="040" ind1=" " ind2=" ">
   <subfield code="a">GZN</subfield>
   <subfield code="b">eng</subfield>
   <subfield code="c">GZN</subfield>
   <subfield code="e">rda</subfield>
   <subfield code="d">MUM</subfield>
   <subfield code="d">ZLM</subfield>
   <subfield code="d">OCLCA</subfield>
   <subfield code="d">OSU</subfield>
   <subfield code="d">NJT</subfield>
   <subfield code="d">IUL</subfield>
   <subfield code="d">OCLCA</subfield>
   <subfield code="d">RDF</subfield>
   <subfield code="d">IDU</subfield>
   <subfield code="d">NKM</subfield>
   <subfield code="d">DLC</subfield>
  </datafield>
  <datafield tag="041" ind1="1" ind2=" ">
   <subfield code="a">eng</subfield>
   <subfield code="a">jpn</subfield>
   <subfield code="h">jpn</subfield>
  </datafield>
  <datafield tag="042" ind1=" " ind2=" ">
   <subfield code="a">lccopycat</subfield>
  </datafield>
  <datafield tag="050" ind1="0" ind2="0">
   <subfield code="a">HD9836.J34</subfield>
   <subfield code="b">N5413 2015</subfield>
  </datafield>
  <datafield tag="082" ind1="0" ind2="4">
   <subfield code="a">363.1799</subfield>
   <subfield code="2">23</subfield>
  </datafield>
  <datafield tag="090" ind1=" " ind2="0">
   <subfield code="a">HD 9836 J34</subfield>
   <subfield code="b">S27 2015</subfield>
  </datafield>
  <datafield tag="100" ind1="1" ind2=" ">
   <subfield code="a">Sasa, Ryoko</subfield>
   <subfield code="d">1968-</subfield>
   <subfield code="e">author.</subfield>
  </datafield>
  <datafield tag="240" ind1="1" ind2="0">
   <subfield code="a">Kami tsunage! Karera ga hon no kami o tsukutte iru.</subfield>
   <subfield code="l">English</subfield>
  </datafield>
  <datafield tag="245" ind1="1" ind2="0">
   <subfield code="a">Saving the mill</subfield>
   <subfield code="b">the amazing recovery of one of Japan's largest paper mills following the 2011 earthquake and tsunami</subfield>
   <subfield code="c">Ryoko Sasa; translated by Tony Gonzalez.</subfield>
  </datafield>
  <datafield tag="246" ind1="1" ind2=" ">
   <subfield code="i">Japanese title on colophon</subfield>
   <subfield code="a">Kami tsunage! Karera ga hon no kami o tsukutte iru</subfield>
   <subfield code="b">saisei Nihon Seishi Ishinomaki K?oj?o</subfield>
  </datafield>
  <datafield tag="250" ind1=" " ind2=" ">
   <subfield code="a">Eibunban.</subfield>
  </datafield>
  <datafield tag="264" ind1=" " ind2="1">
   <subfield code="a">Tokyo</subfield>
   <subfield code="b">Japan Publishing Industry Foundation for Culture</subfield>
   <subfield code="c">2014.</subfield>
  </datafield>
  <datafield tag="300" ind1=" " ind2=" ">
   <subfield code="a">201 pages, 8 unnumbered pages of plates</subfield>
   <subfield code="b">illustrations, color plates, maps</subfield>
   <subfield code="c">22 cm</subfield>
  </datafield>
  <datafield tag="490" ind1="1" ind2=" ">
   <subfield code="a">Japan library / Japan Publishing Industry Foundation for Culture</subfield>
  </datafield>
  <datafield tag="500" ind1=" " ind2=" ">
   <subfield code="a">Originally published in Japanese: Kami tsunage! karera ga hon no kami o tsukutteiru : saisei Nihon Seishi Ishinomaki K?oj?o (Tokyo : Hayakawa Publishing, 2014).</subfield>
  </datafield>
  <datafield tag="500" ind1=" " ind2=" ">
   <subfield code="a">Edition statement from colophon.</subfield>
  </datafield>
  <datafield tag="504" ind1=" " ind2=" ">
   <subfield code="a">Includes bibliographical references (page 199).</subfield>
  </datafield>
  <datafield tag="520" ind1=" " ind2=" ">
   <subfield code="a">&quot;On March 11, 2011, one of the largest earthquakes in human history struck offshore of northeast Japan, triggering a massive tsunami that devastated surrounding coastal areas. One of the many victims of this epic disaster was Nippon Paper Industries' Ishinomaki Paper Mill, which was so flooded and covered in debris that it was completely shut down. NPI provided around 40% of the paper used by Japan's publishing industry and its Ishinomaki mill--home to one of the largest paper machines in the world--was its core production facility. Loss of this plant would have been a devastating blow. When the factory's leader Hiromi Kurata announced that the mill would be producing paper again in just six months, few believed him. The city of Ishinomaki still had no power, no gas, and no water. Even finding food and shelter was a challenge for many, and the plant was so covered in debris that large parts were still inaccessible. Even so, the burden of saving their company, their city, and even the Japanese publishing industry had been placed on the shoulders of the mill's employees. Their story is a monument to the indomitable spirit of the Japanese worker.&quot; -- Publisher's description.</subfield>
  </datafield>
  <datafield tag="546" ind1=" " ind2=" ">
   <subfield code="a">In English with parallel title in Japanese.</subfield>
  </datafield>
  <datafield tag="610" ind1="2" ind2="0">
   <subfield code="a">Nihon Seishi Kabushiki Kaisha.</subfield>
   <subfield code="b">Ishinomaki K?oj?o.</subfield>
  </datafield>
  <datafield tag="650" ind1=" " ind2="0">
   <subfield code="a">Paper industry</subfield>
   <subfield code="z">Japan.</subfield>
  </datafield>
  <datafield tag="650" ind1=" " ind2="0">
   <subfield code="a">Papermaking</subfield>
   <subfield code="z">Japan.</subfield>
  </datafield>
  <datafield tag="650" ind1=" " ind2="0">
   <subfield code="a">Tohoku Earthquake and Tsunami, Japan, 2011.</subfield>
  </datafield>
  <datafield tag="650" ind1=" " ind2="0">
   <subfield code="a">Disaster relief</subfield>
   <subfield code="z">Japan</subfield>
   <subfield code="z">T?ohoku Region.</subfield>
  </datafield>
  <datafield tag="700" ind1="1" ind2=" ">
   <subfield code="a">Gonzalez, Tony</subfield>
   <subfield code="e">translator.</subfield>
  </datafield>
  <datafield tag="830" ind1=" " ind2="0">
   <subfield code="a">Japan library (Shuppan Bunka Sangy?o Shink?o Zaidan)</subfield>
  </datafield>
  <datafield tag="905" ind1=" " ind2=" ">
   <subfield code="a">FO</subfield>
  </datafield>
  <datafield tag="852" ind1="0" ind2=" ">
   <subfield code="a">UPCEB</subfield>
   <subfield code="b">CEBU-LAHUG</subfield>
   <subfield code="h">HD 9836 J34 S27 2015</subfield>
  </datafield>
  <datafield tag="942" ind1=" " ind2=" ">
   <subfield code="a">Book</subfield>
  </datafield>
 </record>
</collection>
